{"text_format":"3","workbook":"xlsx","n_sheets":1,"sheets":["设备耗材 - 已完结"],"not_rendered":{"defined_names":2,"comments":1},"read":"whole","date_system":"1900"}

{"sheet":"设备耗材 - 已完结","index":0,"n_rows":378,"n_cols":12,"rows_kept":378,"merged":[[0,0,0,11]]}
["2021年杭州三固设备耗材采购计划表"]
["序号","物资类别","名称","品牌/厂家","型号规格","单位","数量","单价","金额","单价最高限价","总金额限价","备注"]
[1,"电器材料","红色电工胶带",null,"低压 18mm*10m*0.13mm*10卷","筒",30,null,{"$f":"H3*G3","v":0},50,{"$f":"G3*J3","v":1500}]
[2,"电器材料","蓝色电工胶布",null,"低压 18mm*10m*0.13mm*10卷","筒",30,null,{"$f":"H4*G4","v":0},50,1500]
[3,"电器材料","黑色电工胶布",null,"低压 18mm*10m*0.13mm*10卷","筒",30,null,0,50,1500]
[4,"电器材料","黄色电工胶布",null,"低压 18mm*10m*0.13mm*10卷","筒",30,null,0,50,1500]
[5,"电器材料","绿色电工胶布",null,"低压 18mm*10m*0.13mm*10卷","筒",30,null,0,50,1500]
[6,"电器材料","防火泥",null,null,"Kg",20,null,0,135,2700]
[7,"电器材料","保险丝",null,"5*20MM   1A","盒",1,null,0,15,15]
[8,"电器材料","保险丝",null,"5*20MM   2A","盒",1,null,0,15,15]
[9,"电器材料","叉型预绝缘端头-红",null,"SV2-4S","包",1,null,0,55,55,"1000个/包"]
[10,"电器材料","叉型预绝缘端头-黄",null,"SV2-4S","包",1,null,0,55,55,"1000个/包"]
[11,"电器材料","叉型预绝缘端头-蓝",null,"SV2-4S","包",1,null,0,55,55,"1000个/包"]
[12,"电器材料","叉型预绝缘端头-绿",null,"SV2-4S","包",1,null,0,55,55,"1000个/包"]
[13,"电器材料","叉型预绝缘端头-黑",null,"SV2-4S","包",1,null,0,100,100,"1000个/包"]
[14,"电器材料","叉型预绝缘端头-红",null,"SV3.5-4S","包",1,null,0,55,55,"500个/包"]
[15,"电器材料","叉型预绝缘端头-黄",null,"SV3.5-4S","包",1,null,0,55,55,"500个/包"]
[16,"电器材料","叉型预绝缘端头-蓝",null,"SV3.5-4S","包",1,null,0,55,55,"500个/包"]
[17,"电器材料","叉型预绝缘端头-绿",null,"SV3.5-4S","包",1,null,0,55,55,"500个/包"]
[18,"电器材料","叉型预绝缘端头-黑",null,"SV3.5-4S","包",1,null,0,100,100,"500个/包"]
[19,"电器材料","叉型预绝缘端头-红",null,"SV2-3.2S","包",1,null,0,55,55,"1000个/包"]
[20,"电器材料","叉型预绝缘端头-黄",null,"SV2-3.2S","包",1,null,0,55,55,"1000个/包"]
[21,"电器材料","叉型预绝缘端头-蓝",null,"SV2-3.2S","包",1,null,0,55,55,"1000个/包"]
[22,"电器材料","叉型预绝缘端头-绿",null,"SV2-3.2S","包",1,null,0,55,55,"1000个/包"]
[23,"电器材料","叉型预绝缘端头-黑",null,"SV2-3.2S","包",1,null,0,100,100,"1000个/包"]
[24,"电器材料","熔芯","浙江茗熔电器","RS54,4A","个",50,null,0,2,100]
[25,"电器材料","无影灯",null,"WT5-LED4 4W","个",5,null,0,20,100]
[26,"电器材料","无影灯",null,"YT5-LED8 8W","个",2,null,0,20,40]
[27,"电器材料","温控器","LINKWELL","KTS011","只",5,null,0,300,1500]
[28,"电器材料","安全继电器","PILZ","PNOZ X4 24VDC 3n/0 1n/C","只",2,null,0,3000,6000]
[29,"电器材料","多功能电力仪表",null,"DIRIS A-20","只",1,null,0,3000,3000]
[30,"电器材料","行程开关",null,"AC15 240V 1.5A","个",5,null,0,30,150]
[31,"工具","手电钻钻头","世达","19件套钻头","套",2,null,0,270,540,"世达52819"]
[32,"工具","尖嘴钳","世达","70101A","个",6,null,0,55,330]
[33,"工具","卡簧钳（内）","世达","05542","个",2,null,0,35,70]
[34,"工具","卡簧钳（外）","世达","05541","个",2,null,0,35,70]
[35,"工具","卡簧钳（内）","世达","05544","个",2,null,0,35,70]
[36,"工具","卡簧钳（外）","世达","世达05543","个",2,null,0,35,70]
[37,"工具","丝锥板牙","世达","（5支）5mm","套",1,null,0,60,60,"世达50603"]
[38,"工具","丝锥板牙","世达","（5支）10mm","套",1,null,0,160,160,"世达50806"]
[39,"工具","手工锯","世达",93414,"把",2,null,0,50,100]
[40,"工具","黄油枪","世达",97205,"把",2,null,0,200,400]
[41,"工具","样冲","世达",9161,"套",1,null,0,100,100]
[42,"工具","冲击钻钻头","东城","6*110mm","个",5,null,0,4,20]
[43,"工具","冲击钻钻头","东城","8*150mm","个",5,null,0,4,20]
[44,"工具","冲击钻钻头","东城","10*150mm","个",5,null,0,4,20]
[45,"工具","冲击钻钻头","东城","12*150mm","个",5,null,0,5,25]
[46,"工具","冲击钻钻头","东城","14*150mmm","个",5,null,0,6,30]
[47,"工具","自攻丝钉六角套筒","东城","M6*65","个",10,null,0,3,30]
[48,"工具","十字风批头","东城","S2钢65mm双十字","个",10,null,0,4,40]
[49,"工具","氩弧焊枪枪头","凯博仕","QQ-300A-1","个",1,null,0,260,260]
[50,"工具","钨针","凯博仕",27296719105,"盒",5,null,0,30,150,"氩弧焊针"]
[51,"工具","手磨机切割片","大白鲨","SA/F60R4BF","盒",2,null,0,80,160,"每盒100片"]
[52,"工具","手磨机磨光片","大白鲨","100*6","盒",1,null,0,90,90,"每盒50片"]
[53,"工具","百叶片","大白鲨","75铁盖60目","盒",3,null,0,20,60,"每盒10片"]
[54,"工具","金属切割片","大白鲨","JT/T4175-2016","盒",1,null,0,350,350,"每盒30片"]
[55,"工具","钢锯条","釰","F0-4205","片",20,null,0,8,160]
[56,"工具","电焊钳","智汇","800A ","把",2,null,0,30,60,"产品编号：32257254545"]
[57,"工具","3M护目镜",null,"1621AF","个",5,null,0,30,150]
[58,"工具","外六角自攻丝",null,"5.5*45","盒",2,null,0,50,100,"每盒215支"]
[59,"工具","外六角自攻丝",null,5.5825,"盒",2,null,0,50,100,"每盒310支"]
[60,"工具","外六角内膨胀丝杆",null,"M6*8*60","盒",1,null,0,60,60,"每盒100支"]
[61,"工具","外六角内膨胀丝杆",null,"M8*10*60","盒",1,null,0,50,50,"每盒50支"]
[62,"工具","外六角内膨胀丝杆",null,"M10*12*80","盒",1,null,0,60,60,"每盒30支"]
[63,"工具","十字钻尾螺丝",null,"M4.2*16","Kg",5,null,0,30,150]
[64,"工具","十字钻尾螺丝",null,"M4.2*38","Kg",5,null,0,30,150]
[65,"工具","机油壶油枪",null,"DL2401","把",4,null,0,10,{"$f":"G67*J67","v":40}]
[66,"工具","拉马",null,"DL-E108","个",4,null,{"$f":"H68*G68","v":0},50,200]
[67,"工具","冲击螺丝刀",null,"DL8901","套",1,null,0,60,60]
[68,"工具","平板车",null,"700*500*830全静音轮","个",2,null,0,300,600]
[69,"工具","人字梯",null,"（加厚铝梯）六步合页梯","个",1,null,0,400,400]
[70,"工具","噪声监测仪","希玛","AR824 ","个",1,null,0,250,250]
[71,"工具","液压车",null,"DF2.5吨宽550长1150","个",1,null,0,1500,1500]
[72,"工具","高压水枪",null,"水枪+接头+10米水管","个",2,null,0,50,100]
[73,"工具","三角拉马",null,"4寸","个",2,null,0,40,80]
[74,"工具","三角拉马",null,"10寸","个",1,null,0,130,130]
[75,"工具","三角拉马",null,"16寸","个",1,null,0,370,370]
[76,"工具","电动抽油枪",null,"1300W+6M软管","套",1,null,0,450,450]
[77,"工具","塑钢土",null,"500g","盒",2,null,0,150,300]
[78,"工具","洒水壶",null,"GWB洒水壶10L","个",2,null,0,60,120]
[79,"工具","吊装带",null,"5层*3t*5m","根",2,null,0,60,120]
[80,"工具","吊装带",null,"5层*5t*5m","根",2,null,0,75,150]
[81,"工具","吊装带",null,"5层*10t*5m","根",2,null,0,140,280]
[82,"金属材料","镀锌管",null,"DN15*6M","根",5,null,0,56,280]
[83,"金属材料","镀锌管",null,"DN20*6M","根",5,null,0,69,345]
[84,"金属材料","镀锌管",null,"DN25*6M","根",5,null,0,110,550]
[85,"金属材料","镀锌管",null,"DN32*6M","根",3,null,0,125,375]
[86,"金属材料","镀锌管",null,"DN40*6M","根",3,null,0,155,465]
[87,"金属材料","镀锌管",null,"DN65*6M","根",2,null,0,230,460]
[88,"润滑油","美孚齿轮油","美孚","220#*18L","桶",2,null,0,510,1020]
[89,"润滑油","美孚天蓝国标锂基脂","美孚","15KG/2号","桶",2,null,0,360,720]
[90,"润滑油","美孚特种高温脂","美孚","420耐高温","桶",2,null,0,540,1080]
[91,"润滑油","美孚力霸齿轮油","美孚","15W-40","桶（4L)",8,null,0,350,2800]
[92,"润滑油"," 美孚力富二硫化钼锂基脂","美孚","SHC100","桶（16KG)",5,null,0,2500,12500]
[93,"润滑油","润滑脂SHC100","嘉实多","L21M","桶（16KG)",5,null,0,1300,6500]
[94,"润滑油","锂基脂","嘉实多","3#","桶（16KG)",5,null,0,800,4000]
[95,"润滑油","齿轮油","嘉实多","AIPha sp220","桶（18L)",2,null,0,1200,2400]
[96,"润滑油","机油"," 昆仑","LCKC320 ","桶（170KG",2,null,0,3700,7400]
[97,"润滑油","抗磨液压油","长城","68# ","桶（170KG）",2,null,0,2800,5600]
[98,"五金配件","不锈钢焊条","大桥","A102 不锈钢2.5","包",5,null,0,280,1400,"每包20Kg"]
[99,"五金配件","不锈钢焊条","大桥","A102 不锈钢3.2","包",3,null,0,280,840,"每包12Kg"]
[100,"五金配件","碳钢焊条 ","大桥","THJ433 3.2碳钢","箱",1,null,0,250,250,"每包20Kg"]
[101,"五金配件","碳钢焊条 ","大桥","THJ507 4.0碳钢","箱",1,null,0,250,250,"每包20Kg"]
[102,"五金配件","碳钢焊条 ","大桥","THJ426 2.5碳钢","箱",1,null,0,260,260,"每包20Kg"]
[103,"五金配件","氩弧焊焊丝","精泰",304,"Kg",20,null,0,30,600]
[104,"五金配件","生料带","潜水艇","A1930","卷",50,null,0,20,1000]
[105,"五金配件","碳钢螺栓",null,"8.8级 M6*25全牙","个",100,null,0,0.2,20]
[106,"五金配件","碳钢螺栓",null,"8.8级 M6*35全牙","个",100,null,0,0.3,30]
[107,"五金配件","碳钢螺栓",null,"8.8级 M8*25全牙","个",100,null,0,0.3,30]
[108,"五金配件","碳钢螺栓",null,"8.8级 M8*35全牙","个",100,null,0,0.4,40]
[109,"五金配件","碳钢螺栓",null,"8.8级 M8*55全牙","个",100,null,0,0.6,60]
[110,"五金配件","碳钢螺栓",null,"8.8级 M10*35全牙","个",100,null,0,0.6,60]
[111,"五金配件","碳钢螺栓",null,"8.8级 M10*55全牙","个",100,null,0,1,100]
[112,"五金配件","碳钢螺栓",null,"8.8级 M10*80半牙","个",200,null,0,1.5,300]
[113,"五金配件","碳钢螺栓",null,"8.8级 M12*35全牙","个",200,null,0,1,200]
[114,"五金配件","碳钢螺栓",null,"8.8级 M12*55全牙","个",200,null,0,1.4,280]
[115,"五金配件","碳钢螺栓",null,"8.8级 M10*80半牙","个",200,null,0,1.1,220]
[116,"五金配件","碳钢螺栓",null,"8.8级 M14*35全牙","个",200,null,0,1.3,260]
[117,"五金配件","碳钢螺栓",null,"8.8级 M14*55全牙","个",200,null,0,1.8,360]
[118,"五金配件","碳钢螺栓",null,"8.8级 M14*80半牙","个",200,null,0,1.4,280]
[119,"五金配件","碳钢螺栓",null,"8.8级 M16*55全牙","个",100,null,0,2.3,230]
[120,"五金配件","碳钢螺栓",null,"8.8级 M16*80半牙","个",100,null,0,3.2,320]
[121,"五金配件","碳钢螺栓",null,"8.8级M18*80半牙","个",50,null,0,10,500]
[122,"五金配件","碳钢螺栓",null,"8.8级M18*140半牙","个",50,null,0,16,800]
[123,"五金配件","碳钢螺栓",null,"8.8级M20*75半牙","个",50,null,0,10,500]
[124,"五金配件","碳钢螺栓",null,"8.8级M20*140半牙","个",50,null,0,16,800]
[125,"五金配件","碳钢螺栓",null,"8.8级M22*80半牙","个",50,null,0,10,500]
[126,"五金配件","碳钢螺栓",null,"8.8级M22*140半牙","个",50,null,0,18,900]
[127,"五金配件","碳钢螺栓",null,"8.8级M24*120半牙","个",100,null,0,20,2000]
[128,"五金配件","碳钢螺栓",null,"8.8级M27*100半牙","个",100,null,0,13,1300]
[129,"五金配件","碳钢螺栓",null,"8.8级M30*110半牙","个",100,null,0,18,{"$f":"G131*J131","v":1800}]
[130,"五金配件","螺帽",null,"M6","个",500,null,{"$f":"H132*G132","v":0},0.1,50]
[131,"五金配件","螺帽",null,"M8","个",500,null,0,0.2,100]
[132,"五金配件","螺帽",null,"M10","个",500,null,0,0.25,125]
[133,"五金配件","螺帽",null,"M12","个",500,null,0,0.4,200]
[134,"五金配件","螺帽",null,"M14","个",500,null,0,0.6,300]
[135,"五金配件","螺帽",null,"M16","个",500,null,0,0.9,450]
[136,"五金配件","螺帽",null,"M6","个",800,null,0,0.15,120]
[137,"五金配件","螺帽",null,"M22","个",100,null,0,6,600]
[138,"五金配件","螺帽",null,"M24","个",100,null,0,7,700]
[139,"五金配件","螺帽",null,"M18","个",100,null,0,3,300]
[140,"五金配件","螺帽",null,"M20","个",100,null,0,4,400]
[141,"五金配件","螺帽",null,"M27","个",100,null,0,4,400]
[142,"五金配件","螺帽",null,"M30","个",100,null,0,4,400]
[143,"五金配件","平垫",null,"M10","个",800,null,0,0.2,160]
[144,"五金配件","平垫",null,"M12","个",800,null,0,0.3,240]
[145,"五金配件","平垫",null,"M14","个",800,null,0,0.4,320]
[146,"五金配件","平垫",null,"M16","个",800,null,0,0.5,400]
[147,"五金配件","平垫",null,"M6","个",500,null,0,0.1,50]
[148,"五金配件","平垫",null,"M22","个",100,null,0,3,300]
[149,"五金配件","平垫",null,"M24","个",100,null,0,3.5,350]
[150,"五金配件","平垫",null,"M18","个",100,null,0,3,300]
[151,"五金配件","平垫",null,"M20","个",100,null,0,3,300]
[152,"五金配件","平垫",null,"M27","个",100,null,0,2.5,250]
[153,"五金配件","平垫",null,"M30","个",100,null,0,3,300]
[154,"五金配件","弹垫",null,"M8","个",500,null,0,0.1,50]
[155,"五金配件","弹垫",null,"M10","个",500,null,0,0.1,50]
[156,"五金配件","弹垫",null,"M12","个",500,null,0,0.2,100]
[157,"五金配件","弹垫",null,"M14","个",500,null,0,0.2,100]
[158,"五金配件","弹垫",null,"M16","个",500,null,0,0.2,100]
[159,"五金配件","弹垫",null,"M27","个",100,null,0,3,300]
[160,"五金配件","弹垫",null,"M30","个",100,null,0,5,500]
[161,"五金配件","弹垫",null,"M22","个",100,null,0,0.75,75]
[162,"五金配件","弹垫",null,"M24","个",100,null,0,0.85,85]
[163,"五金配件","弹垫",null,"M18","个",100,null,0,0.55,55]
[164,"五金配件","弹垫",null,"M20","个",100,null,0,0.65,65]
[165,"五金配件","外六角不锈钢螺杆",null,"M10*35","个",100,null,0,2,200]
[166,"五金配件","外六角不锈钢螺杆",null,"M10*55","个",100,null,0,2.5,250]
[167,"五金配件","外六角不锈钢螺杆",null," M12*35","个",100,null,0,3.5,350]
[168,"五金配件","外六角不锈钢螺杆",null,"M12*55","个",100,null,0,3.5,350]
[169,"五金配件","外六角不锈钢螺杆",null,"M14*35","个",100,null,0,4,400]
[170,"五金配件","外六角不锈钢螺杆",null,"M14*55","个",100,null,0,5.5,550]
[171,"五金配件","外六角不锈钢螺杆",null,"M16*55","个",50,null,0,7,350]
[172,"五金配件","外六角不锈钢螺杆",null,"M16*80","个",50,null,0,9,450]
[173,"五金配件","不锈钢螺帽",null,"M10","个",100,null,0,0.6,60]
[174,"五金配件","不锈钢螺帽",null,"M12","个",100,null,0,0.8,80]
[175,"五金配件","不锈钢螺帽",null,"M14","个",100,null,0,1.5,150]
[176,"五金配件","不锈钢螺帽",null,"M16","个",100,null,0,1.5,150]
[177,"五金配件","钢丝绳3M",null,"3T","根",2,null,0,85,170]
[178,"五金配件","钢丝绳6M",null,"3T","根",1,null,0,130,130]
[179,"五金配件","钢丝绳12M",null,"3T","根",1,null,0,200,200]
[180,"五金配件","U型吊环",null,"3T","个",8,null,0,10,80]
[181,"五金配件","尼龙扎带（白）",null,"2.7*250","包",5,null,0,11,55]
[182,"五金配件","尼龙扎带（白）",null,"5*350","包",5,null,0,30,150]
[183,"五金配件","铁丝",null,"4mm/5KG","卷",1,null,0,105,105]
[184,"五金配件","铁丝",null,"1.6mm/约63m","卷",1,null,0,25,25]
[185,"五金配件","砂布",null,"150#/20张","包",2,null,0,30,60]
[186,"五金配件","自动变光焊工面罩",null,"FC-2+12保护屏","个",2,null,0,80,160]
[187,"五金配件","PVC管",null,"DN15*4M","米",30,null,0,{"v":2.83333333333333,"d":"2.83"},85,"水管"]
[188,"五金配件","PVC管",null,"DN20*4M","米",30,null,0,{"v":3.16666666666667,"d":"3.17"},95,"水管"]
[189,"五金配件","PVC管",null,"DN25*4M","米",30,null,0,{"v":4.33333333333333,"d":"4.33"},130,"水管"]
[190,"五金配件","PVC管",null,"DN32*4M","米",30,null,0,{"v":5,"d":"5.00"},150,"水管"]
[191,"五金配件","PVC管",null,"DN40*4M","米",30,null,0,{"v":6.66666666666667,"d":"6.67"},200,"水管"]
[192,"五金配件","PVC管",null,"DN50*4M","米",30,null,0,{"v":10.3333333333333,"d":"10.33"},310,"水管"]
[193,"五金配件","PVC管",null,"DN65*4M","米",30,null,0,{"v":16.5,"d":"16.50"},{"$f":"G195*J195","v":495},"水管"]
[194,"五金配件","PVC管",null,"DN8O*4M","米",18,null,{"$f":"H196*G196","v":0},{"v":25,"d":"25.00"},450,"水管"]
[195,"五金配件","PVC管",null,"DN100*4M","米",18,null,0,{"v":30,"d":"30.00"},540,"水管"]
[196,"五金配件","PVC管",null,"DN125*4M","米",18,null,0,{"v":38.3333333333333,"d":"38.33"},690,"水管"]
[197,"五金配件","PVC管",null,"DN150*4M","米",18,null,0,{"v":43.3333333333333,"d":"43.33"},780,"水管"]
[198,"五金配件","PVC变径",null,"20-15","个",10,null,0,2,20]
[199,"五金配件","PVC变径",null,"25-20","个",10,null,0,3,30]
[200,"五金配件","PVC变径",null,"32-25","个",10,null,0,4,40]
[201,"五金配件","PVC变径",null,"40-25","个",10,null,0,6,60]
[202,"五金配件","PVC变径",null,"65-32","个",10,null,0,8,80]
[203,"五金配件","PVC变径",null,"65-40","个",5,null,0,8,40]
[204,"五金配件","PVC变径",null,"80-32","个",5,null,0,10,50]
[205,"五金配件","PVC变径",null,"80-65","个",5,null,0,10,50]
[206,"五金配件","PVC变径",null,"150-100","个",5,null,0,22,110]
[207,"五金配件","PVC三通接头",null,"DN15","个",10,null,0,2,20]
[208,"五金配件","PVC三通接头",null,"DN20","个",10,null,0,2,20]
[209,"五金配件","PVC三通接头",null,"DN25","个",10,null,0,4,40]
[210,"五金配件","PVC三通接头",null,"DN32","个",10,null,0,4,40]
[211,"五金配件","PVC三通接头",null,"DN40","个",10,null,0,5,50]
[212,"五金配件","PVC三通接头",null,"DN50","个",10,null,0,7,70]
[213,"五金配件","PVC三通接头",null,"DN65","个",5,null,0,8,40]
[214,"五金配件","PVC三通接头",null,"DN80","个",3,null,0,10,30]
[215,"五金配件","PVC直通接头",null,"DN15","个",10,null,0,4,40]
[216,"五金配件","PVC直通接头",null,"DN20","个",10,null,0,4,40]
[217,"五金配件","PVC直通接头",null,"DN25","个",10,null,0,5,50]
[218,"五金配件","PVC直通接头",null,"DN32","个",10,null,0,5,50]
[219,"五金配件","PVC直通接头",null,"DN40","个",10,null,0,5,50]
[220,"五金配件","PVC直通接头",null,"DN50","个",10,null,0,6,60]
[221,"五金配件","PVC直通接头",null,"DN65","个",5,null,0,7,35]
[222,"五金配件","PVC直通接头",null,"DN80","个",3,null,0,10,30]
[223,"五金配件","PVC90°弯头",null,"DN15","个",5,null,0,2,10]
[224,"五金配件","PVC90°弯头",null,"DN20","个",5,null,0,3,15]
[225,"五金配件","PVC90°弯头",null,"DN25","个",5,null,0,4,20]
[226,"五金配件","PVC90°弯头",null,"DN32","个",5,null,0,4,20]
[227,"五金配件","PVC90°弯头",null,"DN40","个",5,null,0,6,30]
[228,"五金配件","PVC90°弯头",null,"DN50","个",5,null,0,8,40]
[229,"五金配件","PVC90°弯头",null,"DN65","个",3,null,0,10,30]
[230,"五金配件","PVC90°弯头",null,"DN80","个",3,null,0,15,45]
[231,"五金配件","不锈钢管",null,"DNI5*6M","米",18,null,0,32.5,585]
[232,"五金配件","不锈钢管",null,"DN25*6M","米",18,null,0,62.5,1125]
[233,"五金配件","不锈钢管",null,"DN20*6M","米",18,null,0,{"v":49.1666666666667,"d":"49.2"},885]
[234,"五金配件","不锈钢管",null,"DN32*6M","米",18,null,0,{"v":70,"d":"70.0"},1260]
[235,"五金配件","不锈钢弯头",null,"DN15","个",10,null,0,5.5,55]
[236,"五金配件","不锈钢弯头",null,"DN20","个",10,null,0,11,110]
[237,"五金配件","不锈钢弯头",null,"DN25","个",10,null,0,17,170]
[238,"五金配件","不锈钢弯头",null,"DN32","个",10,null,0,22,220]
[239,"五金配件","不锈钢弯头",null,"DN40","个",10,null,0,26,260]
[240,"五金配件","不锈钢弯头",null,"DN65","个",10,null,0,63,630]
[241,"五金配件","不锈钢三通",null,"DN15","个",10,null,0,8,80]
[242,"五金配件","不锈钢三通",null,"DN20","个",10,null,0,11,110]
[243,"五金配件","不锈钢三通",null,"DN25","个",10,null,0,15,150]
[244,"五金配件","不锈钢三通",null,"DN32","个",10,null,0,21,210]
[245,"五金配件","不锈钢三通",null,"DN40","个",10,null,0,26,260]
[246,"五金配件","不锈钢直通",null,"DN15","个",10,null,0,6,60]
[247,"五金配件","不锈钢直通",null,"DN20","个",10,null,0,9,90]
[248,"五金配件","不锈钢直通",null,"DN25","个",10,null,0,11,110]
[249,"五金配件","不锈钢直通",null,"DN32","个",10,null,0,15,150]
[250,"五金配件","不锈钢直通",null,"DN40","个",5,null,0,18,90]
[251,"五金配件","镀锌管三通",null,"DN15","个",10,null,0,3,30]
[252,"五金配件","镀锌管三通",null,"DN20","个",10,null,0,5,50]
[253,"五金配件","镀锌管三通",null,"DN25","个",10,null,0,8,80]
[254,"五金配件","镀锌管三通",null,"DN32","个",10,null,0,10,100]
[255,"五金配件","镀锌管三通",null,"DN65","个",5,null,0,13,65]
[256,"五金配件","镀锌管三通",null,"DN40","个",10,null,0,28,280]
[257,"五金配件","镀锌管直通",null,"DN15","个",10,null,0,3,{"$f":"G259*J259","v":30}]
[258,"五金配件","镀锌管直通",null,"DN20","个",10,null,{"$f":"H260*G260","v":0},5,50]
[259,"五金配件","镀锌管直通",null,"DN25","个",10,null,0,8,80]
[260,"五金配件","镀锌管直通",null,"DN32","个",10,null,0,10,100]
[261,"五金配件","镀锌管直通",null,"DN40","个",10,null,0,13,130]
[262,"五金配件","镀锌管直通",null,"DN65","个",5,null,0,27,135]
[263,"五金配件","镀锌管弯头",null,"DN15","个",10,null,0,3,30]
[264,"五金配件","镀锌管弯头",null,"DN20","个",10,null,0,5,50]
[265,"五金配件","镀锌管弯头",null,"DN25","个",10,null,0,8,80]
[266,"五金配件","镀锌管弯头",null,"DN32","个",10,null,0,10,100]
[267,"五金配件","镀锌管弯头",null,"DN40","个",10,null,0,12,120]
[268,"五金配件","镀锌管弯头",null,"DN65","个",5,null,0,28,140]
[269,"五金配件","PPR管",null,"DN15","根",5,null,0,21,105]
[270,"五金配件","PPR管",null,"DN20","根",5,null,0,33,165]
[271,"五金配件","PPR管",null,"DN25*6M","根",5,null,0,48,240]
[272,"五金配件","PPR管",null,"DN32*6M","根",5,null,0,76,380]
[273,"五金配件","PPR管",null,"DN40*6M","根",5,null,0,105,525]
[274,"五金配件","PPR管",null,"DN50*6M","根",5,null,0,200,1000]
[275,"五金配件","PPR管",null,"DN65*6M","根",5,null,0,272,1360]
[276,"五金配件","PPR管",null,"DN8O*6M","根",3,null,0,240,720]
[277,"五金配件","PPR管",null,"DN100*6M","根",3,null,0,420,1260]
[278,"五金配件","PPR管",null,"DN125*6M","根",3,null,0,510,1530]
[279,"五金配件","PPR管",null,"DN150*6M","根",3,null,0,550,1650]
[280,"五金配件","PPR变径",null,"20-15","个",10,null,0,3,30]
[281,"五金配件","PPR变径",null,"25-20","个",10,null,0,5,50]
[282,"五金配件","PPR变径",null,"32-25","个",10,null,0,7,70]
[283,"五金配件","PPR变径",null,"40-25","个",10,null,0,8,80]
[284,"五金配件","PPR变径",null,"65-32","个",10,null,0,10,100]
[285,"五金配件","PPR变径",null,"65-40","个",5,null,0,12,60]
[286,"五金配件","PPR变径",null,"80-32","个",5,null,0,15,75]
[287,"五金配件","PPR变径",null,"80-65","个",5,null,0,17,85]
[288,"五金配件","PPR变径",null,"150-100","个",5,null,0,28,140]
[289,"五金配件","PPR三通接头",null,"DN15","个",10,null,0,3,30]
[290,"五金配件","PPR三通接头",null,"DN20","个",10,null,0,6,60]
[291,"五金配件","PPR三通接头",null,"DN25","个",10,null,0,9,90]
[292,"五金配件","PPR三通接头",null,"DN32","个",10,null,0,11,110]
[293,"五金配件","PPR三通接头",null,"DN40","个",10,null,0,16,160]
[294,"润滑油","开式齿轮脂","嘉实多","8031/6000","桶（16KG)",5,null,0,2000,10000]
[295,"五金配件","PPR三通接头",null,"DN50","个",10,null,0,20,200]
[296,"五金配件","PPR三通接头",null,"DN65","个",5,null,0,22,110]
[297,"五金配件","PPR三通接头",null,"DN80","个",3,null,0,30,90]
[298,"五金配件","PPR直通接头",null,"DN15","个",10,null,0,2,20]
[299,"五金配件","PPR直通接头",null,"DN20","个",10,null,0,3,30]
[300,"五金配件","PPR直通接头",null,"DN25","个",10,null,0,4,40]
[301,"五金配件","PPR直通接头",null,"DN32","个",10,null,0,7,70]
[302,"五金配件","PPR直通接头",null,"DN40","个",10,null,0,9,90]
[303,"五金配件","PPR直通接头",null,"DN50","个",10,null,0,10,100]
[304,"五金配件","PPR直通接头",null,"DN65","个",5,null,0,15,75]
[305,"五金配件","PPR直通接头",null,"DN80","个",3,null,0,20,60]
[306,"五金配件","PPR90°弯头",null,"DN15","个",5,null,0,3,15]
[307,"五金配件","PPR90°弯头",null,"DN20","个",5,null,0,4,20]
[308,"五金配件","PPR90°弯头",null,"DN25","个",5,null,0,5,25]
[309,"五金配件","PPR90°弯头",null,"DN32","个",5,null,0,7,35]
[310,"五金配件","PPR90°弯头",null,"DN40","个",5,null,0,10,50]
[311,"五金配件","PPR90°弯头",null,"DN50","个",5,null,0,12,60]
[312,"五金配件","PPR90°弯头",null,"DN65","个",3,null,0,20,60]
[313,"五金配件","PPR90°弯头",null,"DN80","个",3,null,0,25,75]
[314,"五金配件","青稞纸",null,"0.8mm*900*800","张",10,null,0,10,100]
[315,"五金配件","紫铜垫片",null,"18*8*2","个",50,null,0,1,50]
[316,"五金配件","卡套式弯通中间接头",null,"PN16 FTφ10","个",20,null,0,10,200]
[317,"五金配件","卡套式弯通中间接头",null,"PN16 FTφ8","个",20,null,0,10,200]
[318,"五金配件","卡套式直通螺纹终端接头",null,"FTφ10-G1/2\" (M)","个",20,null,0,7,140]
[319,"五金配件","卡套式直通螺纹终端接头",null,"G1/4\"（M）-FTφ8","个",20,null,0,7,140]
[320,"五金配件","卡套式直通螺纹终端接头",null,"G3/8\"（M）-FTφ10","个",20,null,0,7,140]
[321,"五金配件","卡套式直通螺纹终端接头",null,"G3/8\"（M）-FTφ8","个",20,null,0,7,{"$f":"G323*J323","v":140}]
[322,"五金配件","卡套转PU软管快拧接头",null,"PN16 FTφ14-φ10PU软管","个",20,null,{"$f":"H324*G324","v":0},10,200]
[323,"五金配件","螺纹直通快插",null,"PC10-02","个",50,null,0,6,300]
[324,"五金配件","螺纹直通快插",null,"PC10-04","个",50,null,0,6,300]
[325,"五金配件","螺纹直通快插",null,"PC12-02","个",50,null,0,6,300]
[326,"五金配件","螺纹直通快插",null,"PC12-04","个",50,null,0,6,300]
[327,"五金配件","螺纹直通快插",null,"PC6-02","个",50,null,0,6,300]
[328,"五金配件","螺纹直通快插",null,"PC8-02","个",50,null,0,6,300]
[329,"五金配件","螺纹直通快插",null,"PC8-04","个",50,null,0,6,300]
[330,"五金配件","螺纹直通快插",null,"PC16-04","个",50,null,0,6,300]
[331,"五金配件","螺纹直通快插",null,"PC16-06","个",50,null,0,6,300]
[332,"五金配件","螺纹转PU软管快拧接头",null,"1/4\" NPT(M)-φ10","个",20,null,0,7,140]
[333,"五金配件","螺纹转PU软管快拧接头",null,"1/4\" NPT(M)-φ8","个",20,null,0,7,140]
[334,"五金配件","螺纹转PU软管快拧接头",null,"3/4\" NPT(M)-φ16","个",20,null,0,7,140]
[335,"五金配件","螺纹转PU软管快拧接头",null,"G1/2\" (M)-φ10","个",20,null,0,7,140]
[336,"五金配件","螺纹转PU软管快拧接头",null,"G1/2\" (M)-φ16","个",20,null,0,7,140]
[337,"五金配件","PE T型三通",null,"10mm","个",50,null,0,3,150]
[338,"五金配件","PE T型三通",null,"12mm","个",50,null,0,3,150]
[339,"五金配件","PE T型三通",null,"6mm","个",50,null,0,3,150]
[340,"五金配件","PE T型三通",null,"8mm","个",50,null,0,3,150]
[341,"五金配件","PU气管",null,"10mm","盘",2,null,0,180,360]
[342,"五金配件","PU气管",null,"12mm","盘",2,null,0,180,360]
[343,"五金配件","PU气管",null,"6mm","盘",2,null,0,180,360]
[344,"五金配件","PU气管",null,"8mm","盘",2,null,0,180,360]
[345,"五金配件","PU气管",null,"16mm","盘",2,null,0,300,600]
[346,"五金配件","PU直通对接",null,"10mm","个",50,null,0,3,150]
[347,"五金配件","PU直通对接",null,"12mm","个",50,null,0,3,150]
[348,"五金配件","PU直通对接",null,"6mm","个",50,null,0,3,150]
[349,"五金配件","PU直通对接",null,"8mm","个",50,null,0,3,150]
[350,"五金配件","不锈钢球阀",null,"1/8\" ","个",10,null,0,40,400]
[351,"五金配件","不锈钢球阀",null,"3/8\" ","个",10,null,0,40,400]
[352,"五金配件","不锈钢仪表管",null,"φ8","米",20,null,0,8,160]
[353,"五金配件","不锈钢针型阀",null,"J13W-160P DN15","个",10,null,0,50,500]
[354,"五金配件","不锈钢针型阀",null,"J23W-40P/DN6 ","个",10,null,0,40,400]
[355,"橡塑制品","密封胶","三和SANVO","588红胶","卷",30,null,0,15,450]
[356,"橡塑制品","防锈剂","WD-40",10001414774,"瓶",30,null,0,60,1800]
[357,"橡塑制品","AB胶",null,"20g","个",10,null,0,45,450]
[358,"橡塑制品","聚四氟乙烯板",null,"1000*1000*2mm","块",2,null,0,350,700]
[359,"橡塑制品","尼龙棒",null,"耐磨1mΦ15","根",10,null,0,20,200]
[360,"橡塑制品","尼龙棒",null,"耐磨1mΦ20","根",10,null,0,30,300]
[361,"橡塑制品","尼龙棒",null,"耐磨1mΦ30","根",10,null,0,40,400]
[362,"橡塑制品","三角带",null,"B2050","根",16,null,0,15,240]
[363,"橡塑制品","三角带",null,"SPC4450","根",35,null,0,100,3500]
[364,"橡塑制品","三角带",null,"SPC3750","根",15,null,0,80,1200]
[365,"橡塑制品","三角带",null,"3V630","根",16,null,0,30,480]
[366,"橡塑制品","三角带",null,"SPB2650","根",16,null,0,40,640]
[367,"橡塑制品","三角带",null,"C5000L","根",8,null,0,180,1440]
[368,"橡塑制品","三角带",null,"SPB1575","根",24,null,0,30,720]
[369,"橡塑制品","三角带",null,"SPB1183","根",12,null,0,30,360]
[370,"橡塑制品","四氟垫片",null,"18*8*2","个",50,null,0,1,50]
[371,"杂品","绳子",null,"16mm","米",50,null,0,3,150]
[372,"杂品","绳子",null,"26mm","米",50,null,0,4,200]
[373,null,"钳工桌",null,"2000*1500*800*20","个",1,null,0,8000,8000]
[374,null,"龙门吊",null,"3吨2.5米*2.5米","个",1,null,0,3300,3300]
[375,null,"更衣柜",null,"九门更衣柜","个",5,null,0,600,3000]
[376,"合计",{"$nulls":6},{"$f":"SUM(I3:I377)","v":0},null,{"$f":"SUM(K3:K377)","v":179780}]